000 00901cam a2200313 4500
001 ABS62055
008 000000n2000 000 0 eng u
035 _a(Sirsi) u105165
245 _aRegional Survey: Yorkshire
260 _c2000
490 _aProperty Week
_v65(13) 31 March 2000, 37-56(9)
590 _aABS
650 _aYORKSHIRE
650 _aBRADFORD
650 _aSHEFFIELD
650 _aLEEDS
650 _aSOUTH YORKSHIRE
650 _aWEST YORKSHIRE
650 _aINDUSTRIAL MARKET
650 _aPROPERTY-COMMERCIAL PROPERTY-RETAIL PROPERTY-RETAIL PROPERTY MARKET
650 _aPROPERTY-COMMERCIAL PROPERTY-OFFICE PROPERTY-OFFICE PROPERTY MARKET
650 _aTRANSPORT ISSUES
650 _aDONCASTER
650 _aROTHERHAM
650 _aWAKEFIELD
650 _aHUDDERSFIELD
690 _aPROPERTY-COMMERCIAL PROPERTY-COMMERCIAL PROPERTY MARKET
942 _n0
999 _c63065
_d63065